Women : the quiet revolution / (Record no. 164077)

MARC details
000 -LEADER
fixed length control field 00652nam a2200205 4500
001 - CONTROL NUMBER
control field vtls000065260
003 - CONTROL NUMBER IDENTIFIER
control field MY-SjTCS
005 - DATE AND TIME OF LATEST TRANSACTION
control field 20200226120424.0
008 - FIXED-LENGTH DATA ELEMENTS--GENERAL INFORMATION
fixed length control field 110218 00 eng
020 ## - INTERNATIONAL STANDARD BOOK NUMBER
International Standard Book Number 0959107304
039 #9 - LEVEL OF BIBLIOGRAPHIC CONTROL AND CODING DETAIL [OBSOLETE]
Level of rules in bibliographic description 201206281042
Level of effort used to assign nonsubject heading access points stazrina
Level of effort used to assign subject headings 201102181525
Level of effort used to assign classification VLOAD
-- 200407271809
-- VLOAD
082 04 - DEWEY DECIMAL CLASSIFICATION NUMBER
Classification number 305.40994
Item number JWA
100 1# - MAIN ENTRY--PERSONAL NAME
Personal name J. Walter Thompson (Aust)
9 (RLIN) 524
245 10 - TITLE STATEMENT
Title Women : the quiet revolution /
Statement of responsibility, etc. J. Walter Thompson (Aust.)
260 ## - PUBLICATION, DISTRIBUTION, ETC.
Place of publication, distribution, etc. [S.l.] :
Name of publisher, distributor, etc. [s.n.] ,
Date of publication, distribution, etc. c1984.
300 ## - PHYSICAL DESCRIPTION
Extent ca 200 p. ;
Dimensions 30 cm.
650 #0 - SUBJECT ADDED ENTRY--TOPICAL TERM
Topical term or geographic name entry element Women
Geographic subdivision Australia
General subdivision Social conditions.
650 #0 - SUBJECT ADDED ENTRY--TOPICAL TERM
Topical term or geographic name entry element Women consumers
Geographic subdivision Australia.
920 ## - Programme
Programme UNISA : 1578
Holdings
Withdrawn status Lost status Source of classification or shelving scheme Damaged status Not for loan Home library Current library Date acquired Total Checkouts Barcode Date last seen Date last checked out Copy number Koha item type Public note
  Missing Stock take Dewey Decimal Classification     Taylor's Library-TU Taylor's Library-TU 27/07/2004   1000027527 12/12/2019 01/02/2010 1 Main Collection TBSxx,34004,03,GR